[Event "12th MetLife Amplico European (Rapid)"]
[Site "Warsaw POL"]
[Date "2012.12.15"]
[EventDate "2012.12.15"]
[Round "3.4"]
[Result "0-1"]
[White "Katarzyna Toma"]
[Black "Maxime Vachier-Lagrave"]
[WhiteElo "2305"]
[BlackElo "2711"]
[PlyCount "102"]

1. e4 c5 2. Nf3 e6 3. d4 cxd4 4. Nxd4 a6 5. Bd3 Bc5 6. Nb3 Be7
7. O-O d6 8. c4 Nf6 9. Nc3 b6 10. Qe2 Bb7 11. Be3 Nbd7
12. Rfd1 Qc7 13. Rac1 O-O 14. f3 Rac8 15. Qf2 Nc5 16. Bf1 Rfd8
17. Nd4 Qb8 18. Rc2 Ncd7 19. g4 Ne5 20. g5 Nfd7 21. b3 Nf8
22. Bh3 b5 23. cxb5 axb5 24. Ndxb5 Ba6 25. Nd4 Qb4 26. Nb1
Nfg6 27. Rxc8 Rxc8 28. Bf1 Bb7 29. Nd2 d5 30. exd5 Bxd5
31. Be2 Rc3 32. Nb1 Rc8 33. f4 Nd7 34. a3 Qb7 35. b4 Bd8
36. Bd3 Bb6 37. Nb5 Qb8 38. Bxg6 hxg6 39. N1c3 Bxe3 40. Qxe3
Nb6 41. Kf2 Bc6 42. Nd4 Ba8 43. Kg3 Qb7 44. Rd2 Nc4 45. Qd3
Nxd2 46. Qxd2 Rd8 47. b5 Rxd4 48. Qxd4 Qg2+ 49. Kh4 Qxh2+
50. Kg4 Qg2+ 51. Kh4 Bf3 0-1

[Event "12th MetLife Amplico European (Rapid)"]
[Site "Warsaw POL"]
[Date "2012.12.15"]
[EventDate "2012.12.15"]
[Round "4.3"]
[Result "1-0"]
[White "Maxime Vachier-Lagrave"]
[Black "Marcel Kanarek"]
[WhiteElo "2711"]
[BlackElo "2482"]
[PlyCount "109"]

1. c4 Nf6 2. Nc3 d6 3. g3 g6 4. Bg2 Bg7 5. Nf3 O-O 6. O-O e5
7. d3 Re8 8. Bg5 Nbd7 9. b4 a5 10. b5 h6 11. Bxf6 Nxf6 12. Nd2
Rb8 13. b6 c6 14. Rb1 Be6 15. e3 Nd7 16. Na4 Ra8 17. Qc2 Ra6
18. Ne4 Bf8 19. Qb2 f5 20. Nec3 Qf6 21. Rfd1 Be7 22. Bf1 Raa8
23. d4 f4 24. exf4 exf4 25. Re1 fxg3 26. hxg3 Bf5 27. Rbd1 Bf8
28. Qd2 h5 29. Bg2 h4 30. Ne4 Bxe4 31. Bxe4 Kh7 32. Bg2 Bh6
33. Qd3 Rxe1+ 34. Rxe1 Rf8 35. Re2 Rf7 36. Bh3 hxg3 37. fxg3
Qg5 38. Bxd7 Rxd7 39. Nc3 Rf7 40. Kg2 Qf6 41. Rc2 Bg7 42. Ne4
Qe7 43. Re2 d5 44. cxd5 cxd5 45. Nd2 Qf6 46. Nf3 Bh6 47. Rb2
Re7 48. Ne5 Rxe5 49. dxe5 Qxe5 50. Re2 Qd6 51. Qc3 Bg7 52. Qc7
Qf6 53. Qxb7 d4 54. Re7 d3 55. Rxg7+ 1-0

[Event "12th MetLife Amplico European (Rapid)"]
[Site "Warsaw POL"]
[Date "2012.12.15"]
[EventDate "2012.12.15"]
[Round "5.2"]
[Result "0-1"]
[White "Andrey Zhigalko"]
[Black "Maxime Vachier-Lagrave"]
[WhiteElo "2589"]
[BlackElo "2711"]
[PlyCount "137"]

1. Nf3 c5 2. c4 Nc6 3. d4 cxd4 4. Nxd4 Nf6 5. Nc3 e6 6. Bf4 d5
7. e3 Bb4 8. Be2 O-O 9. O-O Bxc3 10. Nxc6 bxc6 11. bxc3 Ne4
12. Qc2 Qf6 13. Rac1 e5 14. Bg3 Bf5 15. Bd3 Qg6 16. Bxe4 Bxe4
17. Qa4 dxc4 18. Rfd1 h5 19. f3 h4 20. fxe4 hxg3 21. Qxc4
gxh2+ 22. Kh1 Rad8 23. Rb1 Kh7 24. Rd3 Rxd3 25. Qxd3 Qg3
26. Rf1 Kg8 27. Rf3 Qh4 28. Qc4 Qh6 29. Rh3 Qg6 30. Kxh2 Rd8
31. Rg3 Qf6 32. Rf3 Qe6 33. Qxe6 fxe6 34. Rf2 Rd3 35. Rb2 Rxc3
36. Rb8+ Kh7 37. Re8 Rxe3 38. Rxe6 Rxe4 39. Rxc6 Ra4 40. Re6
Ra5 41. Kg3 Kg8 42. Re7 Kf8 43. Rb7 Rxa2 44. Kg4 Rxg2+ 45. Kf5
a6 46. Ra7 Rf2+ 47. Kxe5 Rf6 48. Rb7 Kg8 49. Ra7 Kh7 50. Ra8
Kg6 51. Ra7 Kh6 52. Rb7 Kg6 53. Ra7 a5 54. Ke4 Rf5 55. Rb7 Kf6
56. Ra7 g6 57. Ra6+ Kg5 58. Ke3 Kh6 59. Ke4 Kh5 60. Ke3 g5
61. Ke4 Rf4+ 62. Ke3 a4 63. Ra8 Kg4 64. Ra5 Kh4 65. Rb5 a3
66. Ra5 Kg4 67. Ke2 Rf3 68. Rb5 Kf4 69. Ra5 0-1

[Event "12th MetLife Amplico European (Rapid)"]
[Site "Warsaw POL"]
[Date "2012.12.15"]
[EventDate "2012.12.15"]
[Round "6.1"]
[Result "1-0"]
[White "Maxime Vachier-Lagrave"]
[Black "Dariusz Swiercz"]
[WhiteElo "2711"]
[BlackElo "2627"]
[PlyCount "123"]

1. c4 f5 2. d4 Nf6 3. Nf3 g6 4. g3 Bg7 5. Bg2 O-O 6. O-O d6
7. Nc3 c6 8. d5 e5 9. dxe6 Bxe6 10. b3 Na6 11. Bf4 Ne8 12. Rc1
Nc5 13. b4 Nd7 14. b5 Bxc4 15. bxc6 bxc6 16. Nd2 Bf7 17. Bxc6
Rc8 18. Nb5 Ne5 19. Bxe8 Qxe8 20. Rxc8 Qxc8 21. Nxd6 Qe6
22. Bxe5 Bxe5 23. Nxf7 Rxf7 24. Nf3 Bf6 25. Qc2 Rb7 26. Rb1
Re7 27. e3 Kg7 28. h4 Qd5 29. Kg2 h6 30. Rd1 Qe6 31. Qb3 Qxb3
32. axb3 Rb7 33. Rd5 Rxb3 34. Rd7+ Kg8 35. Rxa7 h5 36. Ng1 Rb6
37. Nh3 Be5 38. Kf3 Rc6 39. Nf4 Rd6 40. Re7 Bc3 41. Rb7 Be5
42. Nh3 Bf6 43. Ke2 Kf8 44. Nf4 Be5 45. Nd3 Bf6 46. f3 Rc6
47. e4 fxe4 48. fxe4 Bd4 49. Rd7 Bf6 50. Kf3 Ke8 51. Rd5 Ke7
52. e5 Bg7 53. Rb5 Bh6 54. Nc5 g5 55. Ke4 gxh4 56. gxh4 Rg6
57. Kf5 Rg4 58. Rb7+ Kd8 59. Rh7 Be3 60. Nb7+ Kc8 61. Nd6+ Kb8
62. e6 1-0

[Event "12th MetLife Amplico European (Rapid)"]
[Site "Warsaw POL"]
[Date "2012.12.16"]
[EventDate "2012.12.15"]
[Round "8.1"]
[Result "1/2-1/2"]
[White "Maxime Vachier-Lagrave"]
[Black "Arkadij Naiditsch"]
[WhiteElo "2711"]
[BlackElo "2708"]
[PlyCount "72"]

1. d4 Nf6 2. c4 e6 3. Nf3 d5 4. Nc3 c5 5. cxd5 Nxd5 6. e4 Nxc3
7. bxc3 cxd4 8. cxd4 Bb4+ 9. Bd2 Bxd2+ 10. Qxd2 O-O 11. Bc4 b6
12. O-O Nd7 13. Rad1 Bb7 14. Rfe1 Rc8 15. Bb3 Qe7 16. Qf4 Qf6
17. Qe3 Rfd8 18. Rd2 Nf8 19. Red1 Ng6 20. d5 exd5 21. Bxd5
Bxd5 22. Rxd5 Nf4 23. Rxd8+ Rxd8 24. Rxd8+ Qxd8 25. h3 Ne6
26. g3 Qd1+ 27. Kg2 Qc2 28. Qa3 a5 29. Qd6 h6 30. Qb8+ Kh7
31. Qb7 a4 32. a3 Nc5 33. Qxb6 Nxe4 34. Qe3 Nf6 35. Ne5 Kg8
36. Qf3 Qc8 1/2-1/2

[Event "12th MetLife Amplico European (Rapid)"]
[Site "Warsaw POL"]
[Date "2012.12.16"]
[EventDate "2012.12.15"]
[Round "10.4"]
[Result "1-0"]
[White "Maxime Vachier-Lagrave"]
[Black "Jacek Tomczak"]
[WhiteElo "2711"]
[BlackElo "2558"]
[PlyCount "145"]

1. e4 d5 2. exd5 Qxd5 3. Nf3 Nf6 4. Be2 g6 5. c4 Qd6 6. d4 Bg7
7. Nc3 c6 8. O-O Bg4 9. Qb3 Qc7 10. Bf4 Qxf4 11. Qxb7 O-O
12. Qxa8 Qc7 13. d5 Bd7 14. c5 Na6 15. Qxf8+ Kxf8 16. Bxa6
cxd5 17. b4 d4 18. Ne2 e5 19. Ng3 Nd5 20. a3 f5 21. Rad1 Nc3
22. Rd2 Bc6 23. Re1 Bxf3 24. gxf3 Qc6 25. Bf1 h5 26. h4 Bf6
27. Bg2 Qa6 28. Ne2 Nxe2+ 29. Rexe2 Qxa3 30. Rd1 Qxb4 31. Rc2
Qa4 32. Rdc1 Qc6 33. Ra2 Be7 34. Bf1 e4 35. Ra6 Qc7 36. Rxg6
d3 37. c6 Kf7 38. Rg3 Bxh4 39. Rh3 Bxf2+ 40. Kxf2 Qb6+ 41. Kg3
Qe3 42. Ra1 Qg1+ 43. Kf4 Qd4 44. c7 Qd6+ 45. Kxf5 Qxc7
46. fxe4 Qb6 47. e5 Qd4 48. e6+ Ke7 49. Rb1 Qg4+ 50. Ke5 Qxe6+
51. Kd4 Qf6+ 52. Ke3 Qg5+ 53. Kf2 Qd2+ 54. Kg1 Qg5+ 55. Bg2
Qc5+ 56. Kh1 d2 57. Rd1 Qf2 58. Rf3 Qh4+ 59. Kg1 Qe1+ 60. Rf1
Qe3+ 61. Rf2 Qe1+ 62. Rf1 Qe3+ 63. Kh1 h4 64. Bf3 Kd6 65. Kg2
Ke5 66. Rf2 h3+ 67. Kg3 Qg5+ 68. Kh2 Kf4 69. Rdxd2 Qg3+
70. Kh1 Qg7 71. Bg2+ Kg4 72. Bxh3+ Kh4 73. Rf4+ 1-0

[Event "Tradewise Gibraltar"]
[Site "Catalan Bay GIB"]
[Date "2013.01.22"]
[EventDate "2012.04.22"]
[Round "1.5"]
[Result "1-0"]
[White "Maxime Vachier-Lagrave"]
[Black "Michael Tscharotschkin"]
[WhiteElo "2713"]
[BlackElo "2200"]
[PlyCount "47"]

1. c4 e5 2. Nc3 Nf6 3. Nf3 Nc6 4. g3 Bc5 5. Bg2 d6 6. O-O O-O
7. d3 h6 8. Na4 Bb6 9. a3 Nd4 10. Nxd4 exd4 11. b4 c5 12. bxc5
dxc5 13. e4 dxe3 14. Bxe3 Bg4 15. Qc2 Qc8 16. Rfb1 Bh3
17. Rxb6 Bxg2 18. Rxf6 Bh3 19. Rd6 b6 20. Nc3 Qf5 21. f4 Rae8
22. Re1 g5 23. Nd5 f6 24. Qf2 1-0

[Event "Tradewise Gibraltar"]
[Site "Catalan Bay GIB"]
[Date "2013.01.23"]
[EventDate "2013.01.22"]
[Round "2"]
[Result "0-1"]
[White "Gudmundur Kjartansson"]
[Black "Maxime Vachier-Lagrave"]
[WhiteElo "2408"]
[BlackElo "2713"]
[PlyCount "66"]

1. c4 e5 2. g3 Nf6 3. Bg2 d5 4. cxd5 Nxd5 5. Nf3 Nc6 6. O-O
Be7 7. d4 e4 8. Ne1 f5 9. Nc3 Be6 10. f3 exf3 11. Nxf3 O-O
12. e4 fxe4 13. Nxe4 Kh8 14. Neg5 Bg8 15. Qd3 Bxg5 16. Nxg5
Rxf1+ 17. Qxf1 Nf6 18. Bf4 Qxd4+ 19. Qf2 Qxf2+ 20. Kxf2 Re8
21. Rd1 h6 22. Nh3 Bxa2 23. Bxc7 Re7 24. Bf4 Bb3 25. Rc1 Nd4
26. Bd6 Re6 27. Rc8+ Kh7 28. Bb4 Re2+ 29. Kg1 Rxb2 30. Nf4
Rb1+ 31. Bf1 Nc6 32. Nd3 Nxb4 33. Nxb4 Be6 0-1

[Event "Tradewise Gibraltar"]
[Site "Catalan Bay GIB"]
[Date "2013.01.24"]
[EventDate "2013.01.22"]
[Round "3"]
[Result "1-0"]
[White "Maxime Vachier-Lagrave"]
[Black "Ju Wenjun"]
[WhiteElo "2713"]
[BlackElo "2723"]
[PlyCount "49"]

1. d4 Nf6 2. Nf3 g6 3. Bg5 Bg7 4. Nbd2 d5 5. e3 O-O 6. Bd3 c5
7. c3 b6 8. Qe2 Bb7 9. h4 Ne4 10. h5 Nd7 11. hxg6 hxg6 12. Bf4
Qe8 13. Ne5 Nxe5 14. dxe5 Nxd2 15. Kxd2 f5 16. exf6 Rxf6
17. Be5 Re6 18. Bxg7 Kxg7 19. Rh4 Qg8 20. Rah1 Rf8 21. Qg4 Kf7
22. Bb5 Re4 23. Rh7+ Kf6 24. f4 Rf7 25. Rh8 1-0

[Event "Tradewise Gibraltar"]
[Site "Catalan Bay GIB"]
[Date "2013.01.25"]
[EventDate "2013.01.22"]
[Round "4"]
[Result "1-0"]
[White "Dariusz Swiercz"]
[Black "Maxime Vachier-Lagrave"]
[WhiteElo "2627"]
[BlackElo "2713"]
[PlyCount "101"]

1. e4 c5 2. Nf3 e6 3. d4 cxd4 4. Nxd4 a6 5. Bd3 Bc5 6. Nb3 Ba7
7. Qe2 Nc6 8. Be3 Bxe3 9. Qxe3 Nf6 10. Nc3 d6 11. O-O-O e5
12. g3 Be6 13. f4 b5 14. Kb1 Rb8 15. Be2 O-O 16. f5 Bxb3
17. axb3 Nd4 18. g4 b4 19. Na4 d5 20. exd5 Re8 21. d6 Qxd6
22. g5 Nd5 23. Qe4 Rec8 24. Rhe1 Rxc2 25. Bf3 Nc3+ 26. bxc3
Rxc3 27. Qd5 Qc7 28. Nxc3 bxc3 29. Rxd4 exd4 30. g6 d3
31. Qxd3 Rxb3+ 32. Kc1 Rb8 33. Bd5 Qa5 34. gxf7+ Kf8 35. Re8+
Rxe8 36. fxe8=Q+ Kxe8 37. Qe4+ Kd8 38. Kc2 Qa3 39. Qh4+ Ke8
40. Bc6+ Kf7 41. Bd5+ Ke8 42. Qe1+ Kd8 43. Qe6 Qb2+ 44. Kd3
Qxh2 45. Qg8+ Kc7 46. Qxg7+ Kd6 47. Bg2 Qh4 48. f6 Qe1
49. Qf8+ Kd7 50. Bh3+ Kc6 51. Qc8+ 1-0

[Event "Tradewise Gibraltar"]
[Site "Catalan Bay GIB"]
[Date "2013.01.29"]
[EventDate "2013.01.22"]
[Round "8"]
[Result "0-1"]
[White "Vladislav Ivanovich Tkachiev"]
[Black "Maxime Vachier-Lagrave"]
[WhiteElo "2650"]
[BlackElo "2713"]
[PlyCount "112"]

1. d4 Nf6 2. c4 g6 3. g3 c6 4. Nf3 Bg7 5. Bg2 d5 6. b3 O-O
7. O-O dxc4 8. bxc4 c5 9. Bb2 cxd4 10. Nxd4 Qb6 11. Qb3 Na6
12. Qxb6 axb6 13. Nb5 Nc5 14. Nd2 Bg4 15. Rfe1 Rfc8 16. Nb3
Ra4 17. Nxc5 Rxc5 18. e3 Rcxc4 19. Bd4 Rc2 20. Bxb6 Bd7
21. Nd4 Rcxa2 22. Rab1 Ng4 23. Rf1 Bh6 24. Nb5 Rc2 25. h3 Ne5
26. Nd4 Rca2 27. Nb5 Rd2 28. Nc3 Rc4 29. Bd4 Nc6 30. Ne4 Rdc2
31. Bb6 Bf8 32. g4 Bc8 33. Ra1 Rb4 34. Rfb1 Rxb1+ 35. Rxb1 Bg7
36. Rd1 Bb2 37. Rd3 h5 38. gxh5 gxh5 39. Rd5 h4 40. Ng5 Kg7
41. Be4 Rc4 42. Bg2 Ne5 43. Nf3 Nxf3+ 44. Bxf3 Bxh3 45. Rb5
Bf6 46. Bxb7 Bd7 47. Rb1 Bf5 48. Rb5 Bd3 49. Rb3 Rc1+ 50. Kg2
Bf1+ 51. Kf3 Bh3 52. Rb4 Rg1 53. Ke2 Bf1+ 54. Kd2 h3 55. Bc7
e5 56. f4 Rg2+ 0-1

[Event "Reykjavik Open"]
[Site "Reykjavik ISL"]
[Date "2013.02.19"]
[EventDate "2013.02.19"]
[Round "1.2"]
[Result "0-1"]
[White "Svetoslav Mihajlov"]
[Black "Maxime Vachier-Lagrave"]
[WhiteElo "2071"]
[BlackElo "2715"]
[PlyCount "64"]

1. d4 Nf6 2. c4 g6 3. Nc3 d5 4. Nf3 Bg7 5. Bg5 Ne4 6. Bh4 c6
7. Qa4 O-O 8. Qa3 Re8 9. e3 Bf5 10. cxd5 cxd5 11. Bb5 Nc6
12. Qb3 a6 13. Be2 Nxc3 14. bxc3 Qd7 15. O-O Rac8 16. Nd2 e5
17. dxe5 Nxe5 18. Rac1 Bd3 19. Bxd3 Nxd3 20. Rc2 Nc5 21. Qb1
Na4 22. c4 Nc3 23. Qb4 Ne2+ 24. Kh1 d4 25. exd4 Nxd4 26. Rb2
Nc6 27. Qxb7 Qd4 28. Rb6 Qxd2 29. Rxc6 Rb8 30. Qxa6 Rb1 31. c5
Rxf1+ 32. Qxf1 Re1 0-1

[Event "Reykjavik Open"]
[Site "Reykjavik ISL"]
[Date "2013.02.20"]
[EventDate "2013.02.19"]
[Round "2"]
[Result "1-0"]
[White "Maxime Vachier-Lagrave"]
[Black "Bjorn Thorfinnsson"]
[WhiteElo "2715"]
[BlackElo "2386"]
[PlyCount "123"]

1. d4 Nf6 2. c4 c5 3. d5 e6 4. Nc3 exd5 5. cxd5 d6 6. Nf3 g6
7. Nd2 Nbd7 8. e4 Bg7 9. Be2 O-O 10. O-O Ne8 11. Kh1 Nc7
12. f4 f5 13. Nc4 Nb6 14. Ne3 fxe4 15. a4 Qe7 16. a5 Nd7
17. Ra4 Nf6 18. g4 h6 19. g5 hxg5 20. fxg5 Nd7 21. Rxe4 Ne5
22. Rxf8+ Qxf8 23. Qg1 b5 24. Nxb5 Nxb5 25. Bxb5 Rb8 26. Be2
Bb7 27. a6 Ba8 28. Qf1 Qd8 29. h4 Qa5 30. Qd1 Qc7 31. Rf4 Qe7
32. Kg1 Nd7 33. Bg4 Nf8 34. Qd3 Bd4 35. Rxd4 cxd4 36. Qxd4 Qe5
37. Qxe5 dxe5 38. Kf2 Rb4 39. Kg3 Rd4 40. Bc8 Kf7 41. Ng4 Rxd5
42. Be3 Rb5 43. b4 Ke7 44. Bc5+ Kd8 45. Bxf8 Kxc8 46. Bc5 Be4
47. Nxe5 Kc7 48. Kf4 Bb1 49. Ke3 Rb8 50. Kd4 Rh8 51. Kc3 Rxh4
52. Bxa7 Re4 53. Nc4 Ba2 54. Bb6+ Kb8 55. Nd6 Re5 56. b5 Rd5
57. Ne8 Rd7 58. Bc5 Be6 59. b6 Rd8 60. Bd6+ Ka8 61. Nc7+ Kb8
62. Nb5+ 1-0

[Event "Reykjavik Open"]
[Site "Reykjavik ISL"]
[Date "2013.02.20"]
[EventDate "2013.02.19"]
[Round "3"]
[Result "0-1"]
[White "Simon Kim Williams"]
[Black "Maxime Vachier-Lagrave"]
[WhiteElo "2498"]
[BlackElo "2715"]
[PlyCount "82"]

1. e4 c5 2. Nf3 e6 3. d4 cxd4 4. Nxd4 Nc6 5. Nxc6 bxc6 6. Bd3
e5 7. O-O Nf6 8. c4 Bc5 9. Bg5 h6 10. Bh4 d6 11. Nd2 a5
12. Qa4 g5 13. Bg3 Qb6 14. Rab1 Ra7 15. Qd1 Bg4 16. Be2 Be6
17. Kh1 Ke7 18. Qc2 a4 19. b4 axb3 20. Nxb3 Rha8 21. Nxc5 Qxc5
22. Rb2 Ra4 23. f3 Nd7 24. Bf2 Qa5 25. Be1 Qa7 26. Bf2 c5
27. Ra1 Qa6 28. h4 Bxc4 29. Bxc4 Qxc4 30. Qd2 f6 31. Rc1 Qe6
32. Rcc2 R8a7 33. Qe2 f5 34. exf5 Qxf5 35. hxg5 hxg5 36. Be3
g4 37. fxg4 Qxg4 38. Qd2 Ke6 39. Rc1 Qh5+ 40. Kg1 Rh4 41. Rbb1
Nf6 0-1

[Event "Reykjavik Open"]
[Site "Reykjavik ISL"]
[Date "2013.02.21"]
[EventDate "2013.02.19"]
[Round "4"]
[Result "1-0"]
[White "Maxime Vachier-Lagrave"]
[Black "Erwin L'Ami"]
[WhiteElo "2715"]
[BlackElo "2622"]
[PlyCount "49"]

1. e4 c6 2. d4 d5 3. e5 Bf5 4. h4 h5 5. c4 e6 6. Nc3 Ne7
7. Nge2 Nd7 8. Ng3 Bg6 9. cxd5 cxd5 10. Bg5 Qb6 11. Bb5 Nc6
12. O-O Rc8 13. Rc1 a6 14. Bxc6 Rxc6 15. Nce2 Qxb2 16. Rxc6
bxc6 17. Nf4 Qc2 18. Qf3 Be4 19. Nxe4 Qxe4 20. Qh3 Qf5
21. Qxf5 exf5 22. Rc1 f6 23. Ng6 Rg8 24. e6 fxg5 25. Rxc6 1-0

[Event "Reykjavik Open"]
[Site "Reykjavik ISL"]
[Date "2013.02.22"]
[EventDate "2013.02.19"]
[Round "5"]
[Result "1/2-1/2"]
[White "Pavel Eljanov"]
[Black "Maxime Vachier-Lagrave"]
[WhiteElo "2678"]
[BlackElo "2715"]
[PlyCount "73"]

1. d4 Nf6 2. c4 g6 3. Nc3 d5 4. cxd5 Nxd5 5. e4 Nxc3 6. bxc3
Bg7 7. Bb5+ c6 8. Ba4 O-O 9. Ne2 e5 10. O-O Re8 11. d5 b5
12. Bb3 Bb7 13. a4 a6 14. Be3 cxd5 15. Bxd5 Bxd5 16. Qxd5 Qxd5
17. exd5 Nd7 18. Rfb1 Bf8 19. h3 Rab8 20. axb5 axb5 21. Ra6
Kg7 22. g4 Nf6 23. Rd1 Ne4 24. f3 Nd6 25. Bc5 Nc4 26. Bxf8+
Rxf8 27. Ng3 Rbd8 28. d6 f5 29. gxf5 gxf5 30. f4 exf4 31. Nh5+
Kh6 32. Nxf4 Rf6 33. Rd5 Kg5 34. Ne2 Rdxd6 35. Raxd6 Rxd6
36. Rxb5 Rd3 37. Rb4 1/2-1/2

[Event "Reykjavik Open"]
[Site "Reykjavik ISL"]
[Date "2013.02.24"]
[EventDate "2013.02.19"]
[Round "7"]
[Result "1-0"]
[White "Grzegorz Gajewski"]
[Black "Maxime Vachier-Lagrave"]
[WhiteElo "2644"]
[BlackElo "2715"]
[PlyCount "155"]

1. Nf3 Nf6 2. c4 g6 3. Nc3 d5 4. cxd5 Nxd5 5. Qb3 Nb6 6. d4
Bg7 7. e4 Bg4 8. Bb5+ c6 9. Ng5 O-O 10. Be2 Bxe2 11. Nxe2 c5
12. dxc5 N6d7 13. Qxb7 Qa5+ 14. Bd2 Qa6 15. Qxa6 Nxa6 16. c6
Bxb2 17. Rb1 Ne5 18. O-O Rab8 19. Bf4 Rfc8 20. Rfd1 f6 21. Nf3
Rxc6 22. Nxe5 fxe5 23. Be3 Kf7 24. Bxa7 Rb4 25. Be3 Rcc4
26. Nc1 Bxc1 27. Rbxc1 Rxc1 28. Rxc1 Ra4 29. h4 Rxa2 30. Bg5
Ra5 31. Rc8 Nc5 32. f3 Nd7 33. Rh8 Nf6 34. Bxf6 exf6 35. Rxh7+
Kg8 36. Rd7 Ra1+ 37. Kh2 Ra3 38. Rb7 Rc3 39. Kh3 Ra3 40. Kg4
Ra2 41. Kg3 Ra3 42. Rb2 Kg7 43. Kf2 Ra7 44. g4 g5 45. h5 Kf7
46. Ke2 Rd7 47. Rb3 Kg7 48. Rd3 Ra7 49. Kd2 Rc7 50. Rc3 Rd7+
51. Kc2 Ra7 52. Kb3 Rb7+ 53. Kc2 Ra7 54. Rd3 Rc7+ 55. Kb3 Kf7
56. Kb4 Ke6 57. Kb5 Rc1 58. Kb6 Rc2 59. Kb7 Ke7 60. Rb3 Kf7
61. Kb8 Kf8 62. Rb6 Kf7 63. Rb7+ Kf8 64. Rc7 Rd2 65. Rc3 Ke7
66. Kb7 Rd1 67. Rc7+ Kf8 68. Kc6 Rd3 69. Rd7 Rxf3 70. Kd6 Rd3+
71. Ke6 Rxd7 72. Kxd7 f5 73. gxf5 g4 74. h6 g3 75. f6 g2
76. h7 g1=Q 77. h8=Q+ Kf7 78. Qe8+ 1-0

[Event "Reykjavik Open"]
[Site "Reykjavik ISL"]
[Date "2013.02.27"]
[EventDate "2013.02.19"]
[Round "10"]
[Result "1-0"]
[White "Maxime Vachier-Lagrave"]
[Black "Stefan Kristjansson"]
[WhiteElo "2715"]
[BlackElo "2486"]
[PlyCount "71"]

1. e4 c5 2. Nf3 e6 3. g3 Nc6 4. Bg2 Nge7 5. O-O d6 6. c3 g6
7. d4 cxd4 8. cxd4 Bg7 9. Nc3 O-O 10. Re1 a6 11. h4 h6 12. d5
exd5 13. exd5 Na5 14. h5 gxh5 15. Qa4 Ng6 16. Qb4 Qc7 17. Bd2
Nc4 18. Rac1 Nxd2 19. Nxd2 Qc5 20. Qb3 h4 21. Nce4 Qd4 22. Nc4
b5 23. Ncxd6 Qxb2 24. Qd1 f5 25. Rc2 Qb4 26. a3 Qxa3 27. Re3
Qb4 28. Nc5 Qd4 29. Qe1 hxg3 30. Rxg3 Qe5 31. Qxe5 Nxe5
32. Ne6 Bxe6 33. dxe6 Rad8 34. Rc7 Ng4 35. Nxf5 Rxf5 36. Rxg4
1-0

[Event "Bundesliga 2012/13"]
[Site "Schwetzingen GER"]
[Date "2013.04.05"]
[EventDate "2012.10.20"]
[Round "13"]
[Result "1/2-1/2"]
[White "Parimarjan Negi"]
[Black "Maxime Vachier-Lagrave"]
[WhiteElo "2657"]
[BlackElo "2705"]
[PlyCount "96"]

1. e4 c5 2. Nf3 d6 3. d4 cxd4 4. Nxd4 Nf6 5. Nc3 a6 6. Be3 e5
7. Nf3 Qc7 8. a4 Be7 9. Be2 O-O 10. O-O h6 11. a5 Be6 12. Nd5
Nxd5 13. exd5 Bf5 14. c4 Nd7 15. b4 Rfc8 16. Rc1 Rab8 17. Qd2
Bh7 18. Rfd1 f5 19. c5 f4 20. cxd6 Qxd6 21. Bc5 Nxc5 22. bxc5
Rxc5 23. Rxc5 Qxc5 24. Nxe5 Bf5 25. Bd3 Rf8 26. Bxf5 Rxf5
27. Qe2 Qc8 28. Ng6 Bd6 29. Qe6+ Qxe6 30. dxe6 Rxa5 31. h4 Kh7
32. e7 Bxe7 33. Nxe7 Re5 34. Rd7 b5 35. Nd5 a5 36. Nxf4 b4
37. Rb7 Re4 38. Nd5 Rd4 39. Ne3 a4 40. Rxg7+ Kxg7 41. Nf5+ Kf6
42. Nxd4 b3 43. Nb5 b2 44. Na3 Ke5 45. f4+ Kxf4 46. Kf2 Ke4
47. Ke2 Kf4 48. Kf2 Ke4 1/2-1/2

[Event "Bundesliga 2012/13"]
[Site "Schwetzingen GER"]
[Date "2013.04.06"]
[EventDate "2012.10.20"]
[Round "14"]
[Result "1/2-1/2"]
[White "Markus Ragger"]
[Black "Maxime Vachier-Lagrave"]
[WhiteElo "2655"]
[BlackElo "2705"]
[PlyCount "108"]

1. d4 Nf6 2. c4 g6 3. Nc3 d5 4. cxd5 Nxd5 5. e4 Nxc3 6. bxc3
Bg7 7. Qa4+ Qd7 8. Qb3 O-O 9. Be3 b6 10. Nf3 Bb7 11. Bd3 c5
12. O-O cxd4 13. cxd4 Nc6 14. Rad1 e6 15. Bb5 Qd6 16. Bc1 Rfd8
17. Bg5 Nxd4 18. Bxd8 Rxd8 19. Qe3 Qb4 20. Nxd4 Bxd4 21. Qe2
e5 22. Rb1 Qe7 23. Ba6 Bc6 24. Bb5 Bb7 25. Rbc1 Rd6 26. Ba6
Bc6 27. Bb5 Bb7 28. Kh1 Kg7 29. Qc2 a6 30. Qc7 Qxc7 31. Rxc7
Bxe4 32. Bxa6 Bd5 33. Bc4 Bxc4 34. Rxc4 Bxf2 35. g3 Rd2 36. a4
Ra2 37. Rfc1 Be3 38. Re1 Bd4 39. Rc7 Rf2 40. Rec1 h5 41. R7c2
Rf3 42. Rd1 Kh6 43. Rc4 Rb3 44. Rcxd4 exd4 45. Rxd4 Rb1+
46. Kg2 Rb2+ 47. Kg1 Rb1+ 48. Kg2 Rb2+ 49. Kg1 Kg5 50. Rf4 Ra2
51. h4+ Kh6 52. Rb4 Kg7 53. Rxb6 Rxa4 54. Kg2 Re4 1/2-1/2

[Event "Bundesliga 2012/13"]
[Site "Schwetzingen GER"]
[Date "2013.04.07"]
[EventDate "2012.10.20"]
[Round "15"]
[Result "1/2-1/2"]
[White "Maxime Vachier-Lagrave"]
[Black "Sebastian Bogner"]
[WhiteElo "2705"]
[BlackElo "2558"]
[PlyCount "81"]

1. e4 e5 2. Nf3 Nc6 3. Bb5 Nd4 4. Nxd4 exd4 5. O-O Bc5 6. d3
c6 7. Bc4 d5 8. exd5 cxd5 9. Re1+ Ne7 10. Bb3 O-O 11. c4 Be6
12. Nd2 dxc4 13. Bxc4 Bxc4 14. Nxc4 Nc6 15. Bd2 Qd5 16. Qb3 b6
17. Rac1 Rfd8 18. Na5 Ne5 19. Nc4 Nc6 20. Re4 Rac8 21. h4 Bf8
22. a4 h5 23. Rce1 f6 24. Qd1 Rc7 25. Qf3 Re7 26. Rxe7 Nxe7
27. Qf4 Nc6 28. Qg3 Kf7 29. Re4 Rd7 30. Kf1 Bd6 31. Qf3 Bf8
32. Bf4 Kg8 33. Qe2 Rd8 34. Re8 Kf7 35. Rxd8 Nxd8 36. Qe4 Qd7
37. b3 Nc6 38. Qf3 Kg6 39. Qe4+ Kf7 40. Qf3 Kg6 41. Qe4+
1/2-1/2

[Event "Alekhine Memorial"]
[Site "Paris/St Petersburg FRA/RUS"]
[Date "2013.04.21"]
[EventDate "2013.04.21"]
[Round "1"]
[Result "1/2-1/2"]
[White "Maxime Vachier-Lagrave"]
[Black "Laurent Fressinet"]
[WhiteElo "2722"]
[BlackElo "2706"]
[PlyCount "51"]

1. d4 d5 2. c4 c6 3. Nf3 Nf6 4. Nc3 dxc4 5. a4 Bf5 6. e3 e6
7. Bxc4 Bb4 8. O-O O-O 9. Qe2 Bg4 10. h3 Bxf3 11. Qxf3 Nbd7
12. Rd1 Rc8 13. e4 e5 14. dxe5 Nxe5 15. Qf5 Qa5 16. Bf1 Rfe8
17. Be3 Rcd8 18. Bg5 Be7 19. Rxd8 Rxd8 20. Nd5 cxd5 21. Qxe5
Qb4 22. exd5 Rxd5 23. Qb8+ Rd8 24. Qe5 Rd5 25. Qb8+ Rd8
26. Qe5 1/2-1/2

[Event "Alekhine Memorial"]
[Site "Paris/St Petersburg FRA/RUS"]
[Date "2013.04.23"]
[EventDate "2013.04.21"]
[Round "3"]
[Result "1/2-1/2"]
[White "Vladimir Kramnik"]
[Black "Maxime Vachier-Lagrave"]
[WhiteElo "2801"]
[BlackElo "2722"]
[PlyCount "116"]

1. Nf3 Nf6 2. g3 g6 3. Bg2 Bg7 4. c4 O-O 5. O-O Nc6 6. Nc3 e5
7. d3 d6 8. b3 Nd4 9. Nd2 c6 10. e3 Ne6 11. Ba3 a5 12. Rc1 Nc5
13. Nf3 Re8 14. h3 Nxd3 15. Qxd3 e4 16. Qe2 exf3 17. Qxf3 a4
18. Nxa4 Ne4 19. Qd1 b5 20. cxb5 cxb5 21. Qd5 Ra7 22. Bxe4
bxa4 23. Qxd6 axb3 24. axb3 Bxh3 25. Qxd8 Rxd8 26. Bc5 Rc7
27. Bg2 Bxg2 28. Kxg2 Rdc8 29. Ba3 f5 30. Rxc7 Rxc7 31. Rb1
Kf7 32. Bb2 Bxb2 33. Rxb2 Rb7 34. b4 Rb5 35. f4 g5 36. Kf3 g4+
37. Ke2 Ke6 38. Kd3 Kd5 39. Rb1 h5 40. Rb2 Rb6 41. Rb1 Rb5
42. Rb2 Rb6 43. e4+ fxe4+ 44. Ke3 h4 45. gxh4 g3 46. h5 Ke6
47. h6 Kf5 48. b5 Rxh6 49. b6 g2 50. Rb5+ Kg4 51. Kf2 Kh3
52. Kg1 Rd6 53. Rb1 e3 54. b7 e2 55. Rb3+ Kg4 56. Re3 Rb6
57. Kxg2 Rxb7 58. Rxe2 Kxf4 1/2-1/2

[Event "Alekhine Memorial"]
[Site "Paris/St Petersburg FRA/RUS"]
[Date "2013.04.25"]
[EventDate "2013.04.21"]
[Round "5"]
[Result "0-1"]
[White "Peter Svidler"]
[Black "Maxime Vachier-Lagrave"]
[WhiteElo "2747"]
[BlackElo "2722"]
[PlyCount "82"]

1. d4 Nf6 2. c4 g6 3. f3 e6 4. e4 d5 5. cxd5 exd5 6. Nc3 dxe4
7. fxe4 Bb4 8. Bg5 h6 9. Bxf6 Qxf6 10. Nf3 Bg4 11. Bb5+ c6
12. Be2 Nd7 13. O-O Qe7 14. Qc1 O-O-O 15. Qf4 f5 16. Nb5 cxb5
17. Rac1+ Nc5 18. exf5 Qxe2 19. Qxg4 gxf5 20. Qxf5+ Kb8
21. dxc5 Rhf8 22. Qe5+ Qxe5 23. Nxe5 Rfe8 24. c6 Rd2 25. Rf5
Bd6 26. Nd7+ Kc8 27. Nf6 Re5 28. Rxe5 Bxe5 29. Ne4 Rxb2
30. cxb7+ Kxb7 31. Nc5+ Ka8 32. Rd1 Bc7 33. Re1 a5 34. Re6 Rc2
35. Nd3 h5 36. Rh6 Rxa2 37. Rxh5 Rd2 38. Nc5 a4 39. Rh6 Rd6
40. Rh8+ Ka7 41. Kf1 Rc6 0-1